Quizzes
Events
Quiz Creation
Community
Videos
Private Events
Remove Ads
Sign In
Join for FREE
Feedback
Dark Mode
Quiz Categories
Sports
Geography
Music
Movies
Television
Just For Fun
Miscellaneous
History
Literature
Language
Science
Gaming
Entertainment
Religion
Holiday
For Kids
Quiz Lab
Recent
Popular Today
Quiz Kudos Today
Editor Picks
Curator Picks
Quizzes by...
Day
Popularity
Type
Ratings
Length
Year
Community
Subscriptions
Recent Discussions
Orange Saloon
Badges
Playlists
Quests
Create
Leaderboards
Showdown
Live 5
Trivia Bingo
Activity
Puzzle Library
Sporcle Events
Private Events
Virtual Trivia
Globe League
Become a Host
Pub Owners
SporcleCon
Opinionation
Our Games
Videos
Blog
Mobile Apps
Partnerships
Remove Ads and Go Orange
Feedback
Sports
Athletes
MLB
NBA
NHL
NFL
Soccer
Sports Teams
WWE
NCAA
Football
Premier League
Basketball
Baseball
Hockey
Golf
Tennis
Cricket
Rugby
Auto Racing
Olympics
World Cup
Sports
Athletes
MLB
NBA
NHL
NFL
Soccer
Sports Teams
WWE
NCAA
Football
Premier League
Basketball
Baseball
Hockey
Golf
Tennis
Cricket
Rugby
Auto Racing
Olympics
World Cup
Random Quiz
Search Sporcle
×
Quiz Lab
Quiz Lab
Sports
Cars
Type in answers that appear in a list
Type in answers that appear in a list
Classic
Best Score? Go Orange.
First Win - Dale Earnhardt Jr. Stats
Can you name the finishing order in the 2000 NASCAR Winston Cup DirecTV 500 (Dale Earnhardt Jr.'s first Cup win)?
By
2mbs
6m
43 Questions
547 Plays
547 Plays
547 Plays
Comments
Comments
Give Quiz Kudos
Give Quiz Kudos
-
- Ratings
hide this ad
Replay
Link that replays current quiz
Next Quiz
Link to next quiz in quiz playlist
You Got
0%
They Got
Avg Score
81%
Avg Friend Score
Upgrade to see
Score Distribution
Jump to the score distribution portion of the page
Score
0/43
Timer
06:00
0
Plays Today
Position
Driver
% Correct
1
Dale Earnhardt Jr.
100%
7
Dale Earnhardt
99.8%
3
Bobby Labonte
98.7%
8
Terry Labonte
98.5%
4
Rusty Wallace
98.4%
2
Jeff Burton
97.6%
9
Tony Stewart
97.6%
14
Ward Burton
97.3%
11
Mark Martin
97.1%
21
Kenny Wallace
97.1%
25
Jeff Gordon
96.7%
34
Sterling Marlin
95.6%
39
Elliott Sadler
95.4%
31
Matt Kenseth
95.1%
19
Steve Park
94.1%
29
Michael Waltrip
93.6%
10
Ricky Rudd
93.4%
24
Darrell Waltrip
93.4%
30
Bill Elliott
93.4%
40
Adam Petty
93.4%
6
Jeremy Mayfield
92.9%
33
Dale Jarrett
92.7%
Position
Driver
% Correct
18
Ken Schrader
90.9%
12
Mike Skinner
90.1%
32
John Andretti
86.8%
15
Jimmy Spencer
84.6%
23
Brett Bodine
82.6%
37
Joe Nemechek
82.3%
13
Chad Little
81%
22
Dave Blaney
79.2%
16
Bobby Hamilton
79%
42
Johnny Benson Jr.
78.8%
17
Kenny Irwin Jr.
75.5%
43
Jerry Nadeau
70.4%
26
Robert Pressley
68%
5
Kevin Lepage
66.5%
36
Stacy Compton
58%
27
Scott Pruett
57%
20
Rick Mast
51.9%
28
Dick Trickle
43.3%
35
Ed Berrier
20.5%
38
Jeff Fuller
18.6%
41
Gary Bradberry
15.4%
Quiz Playlist
Details
Report
Send in Message
Add To Playlist
Classic:
Type in answers that appear in a list
Quiz Source
Last Updated: Feb 16, 2017
Quiz Scoreboard
CHALLENGE
Sign Up to Join the Scoreboard
Show All
Scores
Hide
Comments
May contain spoilers
Recently Published
College Basketball Coaching Resumes
by pancakes188
Sports
9m
Billboard Blitz: Fleetwood Mac
by CooCooCachoo
Music
15s
Presidents Visiting Landmarks
by Hejman
History
7m
More to Explore
Quiz From the Vault
Featured Blog Post
Where Did the Easter Bunny Come From?
hide this ad
You Might Also Like...
Tags
Cars Quiz
Football Quiz
2000
500
car
cup
dale
Driver
Earnhardt
Finishing
NASCAR
Order
Win
Winston
Today's Top Quizzes in Sports
Browse Sports
hide this ad
Today's Top Quizzes in Cars
Browse Cars
Top Contributed Quizzes in Sports
1
Les meilleurs buteurs des matchs entre le PSG et l’OM
2
2022 World Cup Stars
3
FIFA Club World Cup Champions
4
Les entraîneurs de l'OM et du PSG au 21e siècle
5
Criteria MLB: Left Handed Sluggers
6
AFC Teams Reveal (Wrong Answers Minefield)
7
5-to-1: UK Sports Teams
8
Name the Premier League winners with different clubs
9
5-to-1: FBS Animal Nicknames
10
Players with Multiple 50 Home Run Seasons
Explore More
Trending Topics
Anime
NBA
Crossword
Harry Potter
Marvel
Kpop
Disney
NFL
The Office
WWE
Country
Puzzle
Soccer
Song
Pokémon
hide this ad
More By:
2mbs
Quiz
Plays
Rating
Category
Featured
Created
Runner-Up to Dale Earnhardt
13,881
4.23
Sports
Mar 14, 2010
Bill Goldberg WCW/WWE PPV Opponents
13,039
3.96
Sports
Feb 21, 2010
Bill Goldberg's WCW Undefeated Streak
8,417
4.13
Sports
Sep 19, 2011
Trish Stratus WWF/WWE PPV Opponents
7,232
3.90
Sports
Feb 1, 2010
Sting TNA PPV Opponents
6,066
3.96
Sports
Nov 15, 2009
Go to Creator's Profile
Score Distribution
Quiz Creator Spotlight
2mbs
Follow
Send a Message
Quizzes Created
-
Created Quiz Play Count
-
More By This Creator
Popular Quizzes Today
1
Find the US States - No Outlines Minefield
2
Find the Countries of Europe - No Outlines Minefield
3
The Countries of the World
4
Find the US States
5
Risky Map Clicking: Biggest States A-Z
6
US States
7
Popular People in 1961
8
Movies - When Are They Set?
More Sports Quizzes
Sandy Koufax or Hank Greenberg?
Curator's Pick
Trending Quizzes
Risky Map Clicking: Least Populous States A-Z
1-10 Letter G Words
1-10 Letter F Words
Risky Map Clicking: Next State Alphabetically
Click the Washington State Counties! (Map)
Recently Updated
Leaping Animals
pecheneg
Reality TV Shows (A-Z)
bhenderson79
Rickey Henderson's Hall of Fame Teammates
pecheneg
Champions League XIs: Arsenal
pecheneg
Quick Pick: Celebrities in WWE's Hall of Fame
aduchscher
A-Z Keypad Blitz II
pecheneg
Multiple Oscar Actors
pecheneg
Mystery Phrase Blitz: Oscar 'Best Actors'
pecheneg
F. Scott Fitzgerald Novels
LTH
Pick 3 Villains
ddd62291
Trending Topics
Disney
Harry Potter
Anime
Marvel
Crossword
Kpop
NBA
Pokémon
Song
The Office
Puzzle
Country
WWE
Soccer
NFL
Your Account Isn't Verified!
In order to create a playlist on Sporcle, you need to verify the email address you used during registration. Go to your
Sporcle Settings
to finish the process.
Report this User
Report this user for behavior that violates our
Community Guidelines
.
Details:
Send Report
Go to the Sporcle.com Mobile Site →
Comments